Mengurus sumber manusia

Bibliographic Details
Main Author: JUHARY Hj. Ali
Format: Book
Published: Kuala Lumpur : DBP , 2000
Subjects:

MARC

LEADER 00000cam a2200000 7i4500
001 0000001110
005 20140104.0
020 0 0 |a 983626891X 
090 0 0 |a 658.301   |b JUH 2000 
100 0 0 |a JUHARY Hj. Ali 
245 1 0 |a Mengurus sumber manusia   |c Juhary Hj. Ali 
260 0 0 |a Kuala Lumpur :   |b DBP ,   |c 2000 
300 |a ix, 100 p. ;   |c 22 cm. 
500 0 0 |a Bibliography : [p. 97-98] and index 
650 0 0 |a Employment management 
650 0 0 |a Manpower planning 
650 0 0 |a Personnel management 
998 |a JPSM 
999 |a 0000002032   |b Monograph   |c Open Shelf   |e Default branch